| 000 | 01370cam a22003254a 4500 | ||
|---|---|---|---|
| 001 | 12195783 | ||
| 003 | NUST-PNEC | ||
| 005 | 20170116180715.0 | ||
| 008 | 001005s2001 nyua bf 001 0 eng | ||
| 010 | _a 00051129 | ||
| 020 | _a0070260052 | ||
| 040 | _cPNEC | ||
| 042 | _apcc | ||
| 050 | 0 | 0 |
_aTJ990 _b.C623 2001 |
| 082 | 0 | 0 |
_a621.51 HAN _221 |
| 100 |
_9675 _aHanlon, Paul C. |
||
| 245 | 0 | 0 |
_aCompressor handbook / _cPaul C. Hanlon, editor. |
| 260 |
_aNew York : _bMcGraw-Hill, _c2001. |
||
| 300 |
_a1 v. (in various pagings) : _bill. ; _c25 cm. |
||
| 500 | _aIncludes Index http://www.amazon.com/s/ref=nb_sb_noss?url=search-alias%3Dstripbooks&field-keywords=0070260052 | ||
| 504 | _aIncludes bibliographical references and index. | ||
| 650 | 0 |
_aCompressors _vHandbooks, manuals, etc. _xME |
|
| 700 | 1 | _aHanlon, Paul C. | |
| 856 | 4 | 2 |
_3Contributor biographical information _uhttp://www.loc.gov/catdir/bios/mh041/00051129.html |
| 856 | 4 | 2 |
_3Publisher description _uhttp://www.loc.gov/catdir/description/mh021/00051129.html |
| 856 | 4 | 1 |
_3Table of contents _uhttp://www.loc.gov/catdir/toc/mh021/00051129.html |
| 906 |
_a7 _bcbc _corignew _d1 _eocip _f20 _gy-gencatlg |
||
| 942 |
_2ddc _cBK |
||
| 999 |
_c61132 _d61132 |
||